| 000 | 00573nam a22001697a 4500 | ||
|---|---|---|---|
| 005 | 20231121142947.0 | ||
| 008 | 231121b |||||||| |||| 00| 0 eng d | ||
| 020 | _a9280633376 | ||
| 041 | _aEnglish | ||
| 082 | _a342.8 HOD | ||
| 100 |
_aHodgkin, R and Newell, P _lEnglish |
||
| 245 |
_aImplementation Handbook for the Convention on the Rights of the Child / _cR Hodgkin and P Newell |
||
| 260 |
_aNew York : _bUnited Nations Children's Fund, _c1998 |
||
| 300 |
_b681 pages ; _c30 cm. |
||
| 650 |
_aLegal practice _bLaw |
||
| 942 |
_cBK _6ALISON_BN_VRIES |
||
| 999 |
_c852 _d852 |
||